00577 2200193 4500001002100000005001500021035002000036007000300056008003900059082001000098084001600108100002600124245012000150260002800270300004100298650001100339600002000350022001300370INLIS00000000000133220250521090044 a0010-0525000014ta250521 | | |  a636.2 a636.2 FRI c0 aFrida Lundmark Hedman1 aCattle Cleanliness from the View of Swedish Farmers and Official Animal Welfare Inspectors /cFrida Lundmark Hedman aBasel :bMDPI AG,c2021 a1-14 hlm, :bIlus ;c21 cm x 29,7 cm 4aJurnal 4aPeternakan Sapi a20762615